000
00251nam a22001097a 4500
082
_a
808.066 NEL'W
100
_a
NELSON, J. R
_9
78014
245
_a
WRITING THE TECHNICAL REPORT
260
_a
NEWYORK
_b
MCGRAW HILL
_c
1940
300
_a
373P
942
_c
BK
999
_c
583175
_d
583175